Two lives; Level 3

محفوظ في:
التفاصيل البيبلوغرافية
المؤلف الرئيسي: Helen Naylor
التنسيق: كتاب
اللغة:Undetermined
منشور في: Cambridge, UK. Cambridge Univ. Press 2001
الموضوعات:
الوسوم: إضافة وسم
لا توجد وسوم, كن أول من يضع وسما على هذه التسجيلة!
Thư viện lưu trữ: Trung tâm Học liệu Trường Đại học Cần Thơ
LEADER 00498nam a2200193Ia 4500
001 CTU_54918
008 210402s9999 xx 000 0 und d
020 |b 56000 
082 |a 428.64 
082 |b C178/Level 3 
100 |a Helen Naylor 
245 0 |a Two lives; Level 3 
245 0 |c Helen Naylor 
260 |a Cambridge, UK. 
260 |b Cambridge Univ. Press 
260 |c 2001 
650 |a english language 
650 |x readers 
980 |a Trung tâm Học liệu Trường Đại học Cần Thơ